| 000 | 01337nam0a2200337 4500 | ||
|---|---|---|---|
| 001 | RU\NLR\BIBL_A\011810539 | ||
| 005 | 20181207164421.0 | ||
| 010 |
_a978-5-00122-026-8 _9500 |
||
| 021 |
_aRU _bКН-П-18-064103 _9КН-П-18-4615 |
||
| 035 | _a(NLR Aleph) 011810539 | ||
| 035 | _a(RuMoRGB)009728789 | ||
| 090 |
_a11915764 _c11915764 |
||
| 100 | _a20181005d2017 u y0rusy50 ca | ||
| 101 | 0 |
_arus _atur |
|
| 102 | _aRU | ||
| 105 | _aa|||e|||000zy | ||
| 200 | 1 |
_aСловарь-справочник по глагольному управлению в русском языке _eпособие для иностранных студентов _fБ. Демир, Г. Сафа Кинджи, О. Унсал |
|
| 210 |
_aМосква _cПеро _d2017 |
||
| 215 |
_a305 с. _cтабл. _d21 |
||
| 320 | _aБиблиогр.: с. 305 (3 назв.) | ||
| 606 | 1 |
_aРусский язык _xГрамматические словари _2nlr_sh1 _2nlr_sh2 _3RU\NLR\AUTH\66972915 |
|
| 686 | 1 | _aШ141.12-491грамм | |
| 700 | 1 |
_aДемир _bБ. _gБахар _3RU\NLR\AUTH\770198267 |
|
| 701 | 1 |
_aСафа Кинджи _bГ. _3RU\NLR\AUTH\770198323 |
|
| 701 | 1 |
_aУнсал _bО. |
|
| 942 | _cBOOK | ||
| 980 | _aNBR | ||
| 980 | _aNB | ||